| 000 | 00409nam a2200169Ia 4500 | ||
|---|---|---|---|
| 005 | 20250423100950.0 | ||
| 008 | 250422s9999 xx 000 0 und d | ||
| 020 | _a9780073041568 | ||
| 050 | _aHG 4521 .B563/ | ||
| 100 | _aBodie, Zvi | ||
| 245 | 0 | _aSolutions manual for use with essentials investments | |
| 260 | _aBoston | ||
| 260 | _bMcGraw_Hill | ||
| 260 | _c2007 | ||
| 300 | _a45525 p | ||
| 942 | _cBK | ||
| 999 |
_c34880 _d34880 |
||